<?xml version="1.0" encoding="UTF-8"?>
<record
    xmlns:xsi="http://www.w3.org/2001/XMLSchema-instance"
    xsi:schemaLocation="http://www.loc.gov/MARC21/slim http://www.loc.gov/standards/marcxml/schema/MARC21slim.xsd"
    xmlns="http://www.loc.gov/MARC21/slim">

  <leader>04245cam a2200433 i 4500</leader>
  <controlfield tag="001">17991500</controlfield>
  <controlfield tag="003">OSt</controlfield>
  <controlfield tag="005">20231229150412.0</controlfield>
  <controlfield tag="008">140108s2014    si a     b    001 0 eng  </controlfield>
  <datafield tag="010" ind1=" " ind2=" ">
    <subfield code="a">  2013051304</subfield>
  </datafield>
  <datafield tag="020" ind1=" " ind2=" ">
    <subfield code="a">9781118197431 (hardback)</subfield>
  </datafield>
  <datafield tag="040" ind1=" " ind2=" ">
    <subfield code="a">DLC</subfield>
    <subfield code="b">eng</subfield>
    <subfield code="c">DLC</subfield>
    <subfield code="e">rda</subfield>
    <subfield code="d">DLC</subfield>
  </datafield>
  <datafield tag="042" ind1=" " ind2=" ">
    <subfield code="a">pcc</subfield>
  </datafield>
  <datafield tag="050" ind1="0" ind2="0">
    <subfield code="a">TP492.5</subfield>
    <subfield code="b">.W36 2014</subfield>
  </datafield>
  <datafield tag="082" ind1="0" ind2="0">
    <subfield code="a">621.57</subfield>
    <subfield code="b">WAN/A</subfield>
  </datafield>
  <datafield tag="084" ind1=" " ind2=" ">
    <subfield code="a">TEC005050</subfield>
    <subfield code="2">bisacsh</subfield>
  </datafield>
  <datafield tag="100" ind1="1" ind2=" ">
    <subfield code="a">Wang, Ruzhu</subfield>
    <subfield code="9">10244</subfield>
  </datafield>
  <datafield tag="245" ind1="1" ind2="0">
    <subfield code="a">Adsorption refrigeration technology :</subfield>
    <subfield code="b">theory and application /</subfield>
    <subfield code="c">Ruzhu Wang, Liwei Wang and Jingyi Wu, Shanghai Jiao Tong University, China.</subfield>
  </datafield>
  <datafield tag="264" ind1=" " ind2="1">
    <subfield code="a">Singapore :</subfield>
    <subfield code="b">John Wiley &amp; Sons, Inc.,</subfield>
    <subfield code="c">2014.</subfield>
  </datafield>
  <datafield tag="300" ind1=" " ind2=" ">
    <subfield code="a">xxix, 494 pages :</subfield>
    <subfield code="b">illustrations ;</subfield>
    <subfield code="c">26 cm</subfield>
  </datafield>
  <datafield tag="336" ind1=" " ind2=" ">
    <subfield code="a">text</subfield>
    <subfield code="2">rdacontent</subfield>
  </datafield>
  <datafield tag="337" ind1=" " ind2=" ">
    <subfield code="a">unmediated</subfield>
    <subfield code="2">rdamedia</subfield>
  </datafield>
  <datafield tag="338" ind1=" " ind2=" ">
    <subfield code="a">volume</subfield>
    <subfield code="2">rdacarrier</subfield>
  </datafield>
  <datafield tag="504" ind1=" " ind2=" ">
    <subfield code="a">Includes bibliographical references and index.</subfield>
  </datafield>
  <datafield tag="504" ind1=" " ind2=" ">
    <subfield code="a">Includes bibliographical references and index.</subfield>
  </datafield>
  <datafield tag="520" ind1="2" ind2=" ">
    <subfield code="a">"Gives readers a detailed understanding of adsorption refrigeration technology, with a focus on practical applications and environmental concerns. Systematically covering the technology of adsorption refrigeration, this book provides readers with a technical understanding of the topic as well as detailed information on the state-of-the-art from leading researchers in the field. Introducing readers to background on the development of adsorption refrigeration, the authors also cover the development of adsorbents, various thermodynamic theories, the design of adsorption systems and adsorption refrigeration cycles. The book guides readers through the research process, covering key aspects such as: the principle of adsorption refrigeration; choosing adsorbents according to different characteristics; thermodynamic equations; methods for the design of heat exchangers for adsorbers; and the advanced adsorption cycles needed. It is also valuable as a reference for professionals working in these areas. Covers state-of-the art of adsorption research and technologies for relevant applications, working from adsorption working pairs through to the application of adsorption refrigeration technology for low grade heat recovery. Assesses sustainable alternatives to traditional refrigeration methods, such as the application of adsorption refrigeration systems for solar energy and waste heat  Includes a key chapter on the design of adsorption refrigeration systems as a tutorial for readers new to the topic; the calculation models for different components and working processes are also included. Takes real-world examples giving an insight into existing products and installations and enabling readers to apply the knowledge to their own work. Target audience: Academics researching low grade energy utilization and refrigeration; Graduate students of refrigeration and low grade energy utilization; Experienced engineers wanting to renew knowledge of adsorption technology; Engineers working at companies developing adsorption chillers; Graduate students working on thermally driven systems; Advanced undergraduates for the Refrigeration Principle as a part of thermal driven refrigeration technology"--</subfield>
    <subfield code="c">Provided by publisher.</subfield>
  </datafield>
  <datafield tag="650" ind1=" " ind2="0">
    <subfield code="a">Refrigeration and refrigerating machinery</subfield>
    <subfield code="x">Research.</subfield>
  </datafield>
  <datafield tag="650" ind1=" " ind2="0">
    <subfield code="a">Refrigeration and refrigerating machinery</subfield>
    <subfield code="x">Technological innovations.</subfield>
  </datafield>
  <datafield tag="650" ind1=" " ind2="0">
    <subfield code="a">Refrigeration and refrigerating machinery</subfield>
    <subfield code="x">Environmental aspects.</subfield>
  </datafield>
  <datafield tag="650" ind1=" " ind2="0">
    <subfield code="a">Adsorption.</subfield>
  </datafield>
  <datafield tag="650" ind1=" " ind2="7">
    <subfield code="a">TECHNOLOGY &amp; ENGINEERING / Construction / Heating, Ventilation &amp; Air Conditioning.</subfield>
    <subfield code="2">bisacsh</subfield>
  </datafield>
  <datafield tag="700" ind1="1" ind2=" ">
    <subfield code="a">Wang, Liwei</subfield>
    <subfield code="c">(Professor)</subfield>
  </datafield>
  <datafield tag="700" ind1="1" ind2=" ">
    <subfield code="a">Wu, Jingyi,</subfield>
    <subfield code="c">Ph.D.</subfield>
  </datafield>
  <datafield tag="776" ind1="0" ind2="8">
    <subfield code="i">Online version:</subfield>
    <subfield code="a">Wang, Ruzhu.</subfield>
    <subfield code="t">Adsorption refrigeration technology</subfield>
    <subfield code="d">Singapore : John Wiley &amp; Sons, Inc., 2014</subfield>
    <subfield code="z">9781118197462</subfield>
    <subfield code="w">(DLC) 2014003757</subfield>
  </datafield>
  <datafield tag="856" ind1="4" ind2="2">
    <subfield code="3">Cover image</subfield>
    <subfield code="u">http://catalogimages.wiley.com/images/db/jimages/9781118197431.jpg</subfield>
  </datafield>
  <datafield tag="906" ind1=" " ind2=" ">
    <subfield code="a">7</subfield>
    <subfield code="b">cbc</subfield>
    <subfield code="c">orignew</subfield>
    <subfield code="d">1</subfield>
    <subfield code="e">ecip</subfield>
    <subfield code="f">20</subfield>
    <subfield code="g">y-gencatlg</subfield>
  </datafield>
  <datafield tag="942" ind1=" " ind2=" ">
    <subfield code="2">ddc</subfield>
    <subfield code="c">BK</subfield>
    <subfield code="h">621.57</subfield>
    <subfield code="i">WAN/A</subfield>
    <subfield code="k">621.57</subfield>
    <subfield code="m">WAN/A</subfield>
  </datafield>
  <datafield tag="952" ind1=" " ind2=" ">
    <subfield code="0">0</subfield>
    <subfield code="1">0</subfield>
    <subfield code="2">ddc</subfield>
    <subfield code="4">0</subfield>
    <subfield code="7">0</subfield>
    <subfield code="8">DAIRY</subfield>
    <subfield code="a">MES</subfield>
    <subfield code="b">MES</subfield>
    <subfield code="c">DAIRY</subfield>
    <subfield code="d">2024-01-18</subfield>
    <subfield code="l">0</subfield>
    <subfield code="o">621.57 WAN/A</subfield>
    <subfield code="p">45097</subfield>
    <subfield code="r">2024-01-18 16:21:58</subfield>
    <subfield code="v">15372.00</subfield>
    <subfield code="w">2024-01-18</subfield>
    <subfield code="y">BK</subfield>
    <subfield code="z">U21R1</subfield>
  </datafield>
  <datafield tag="999" ind1=" " ind2=" ">
    <subfield code="c">44248</subfield>
    <subfield code="d">44248</subfield>
  </datafield>
</record>
